| 000 | 03842cam a22006494i 4500 | ||
|---|---|---|---|
| 003 | PE-LiUPU | ||
| 005 | 20250731173046.0 | ||
| 008 | 170526s2017 txu rb 001 0 eng d | ||
| 020 |
_a9781602587328 _qpaperback _qalkaline paper |
||
| 035 | _a(Sirsi) i9781602587328 | ||
| 035 | _a(OCoLC)984635329 | ||
| 040 |
_aNcWfSB/DLC _bspa _erda _cNVS _dDLC _dYDX _dYDX _dVLB _dYUS _dLNT _dPE-LiUPU |
||
| 049 | _aPRUA | ||
| 050 | 0 | 0 |
_aBS1475.52 _b.H65 2017 |
| 082 | 0 | 0 |
_a223.8044 _bH71 _223 |
| 100 | 1 |
_aHolmstedt, Robert D., _eautor. |
|
| 245 | 1 | 0 |
_aQoheleth : _ba handbook on the Hebrew text / _cRobert D. Holmstedt, John A. Cook, and Phillip S. Marshall. |
| 264 | 1 |
_aWaco, Texas : _bBaylor University Press, _c[2017]. |
|
| 300 |
_ax, 356 páginas ; _c21 centímetros |
||
| 336 |
_atext _2rdacontent |
||
| 337 |
_aunmediated _2rdamedia |
||
| 338 |
_avolume _2rdacarrier |
||
| 490 | 1 | _aBaylor handbook on the Hebrew bible | |
| 504 | _aBibliografía : páginas 311- | ||
| 504 | _aBibliografía : páginas 347- | ||
| 505 | 0 | _a4:13-16 Wisdom Does Not Preserve One's Station or Legacy4:17-5:6 Behave Properly Before God; 5:7-6:9 Be Content, Not Greedy; 6:10-12 The Limits of Human Knowledge; 7:1-24 What Is Better?; 7:25-29 Seeking Wisdom Is Like Understanding the "Women"; 8:1-15 On Human Power; 8:16-17 A Reflection on the Experiment; 9:1-12 Live Life Fully; 9:13-10:19 Diverse Reflections on Wisdom; 11:1-6 Hedge Your Bets; 11:7-12:8 Enjoy Life While You're Young; 12:9-14 The Epilogue (or: the Narrator's Conclusion); Works Cited; Glossary; Index of Linguistic Issues; Appendix: Translation | |
| 520 | _aIn this volume, Robert D. Holmstedt, John A. Cook, and Phillip S. Marshall provide a foundational analysis of the Hebrew text of Qoheleth. Distinguished by the detailed yet comprehensive attention paid to the Hebrew text, Qoheleth is a convenient pedagogical and reference tool that explains the form and syntax of the biblical text, offers guidance for deciding between competing semantic analyses, engages important text-critical debates, and addresses questions relating to the Hebrew text that are frequently overlooked or ignored by standard commentaries. Beyond serving as a succinct and accessible analytic key, Qoheleth also reflects the most recent advances in scholarship on Hebrew grammar and linguistics. By filling the gap between popular and technical commentaries, the handbook becomes an indispensable tool for anyone committed to a deep reading of the biblical text.--Publisher's description. | ||
| 526 | _aSEG42 | ||
| 526 | _aSEG41 | ||
| 526 | _aSEG40 | ||
| 526 | _aSEG39 | ||
| 526 | _aP94 | ||
| 526 | _aP87 | ||
| 526 | _aP86 | ||
| 526 | _aP85 | ||
| 526 | _aP77 | ||
| 526 | _aP76 | ||
| 526 | _aP35 | ||
| 630 | 0 | 0 |
_aBible. _pEcclesiastes. _lGreek _xVersions. |
| 630 | 0 | 0 |
_aBible. _pEcclesiastes _xCriticism, Textual. |
| 630 | 0 | 0 |
_aBible. _pEcclesiastes _xLanguage, style. |
| 630 | 0 | 4 |
_aBiblia. _pEclesiastés. _lGriego _xVersione |
| 630 | 0 | 4 |
_aBiblia. _pEclesiastés _xCrítica Text |
| 630 | 0 | 4 |
_aBiblia. _pEclesiastés _xIdioma, estil |
| 650 | 0 |
_aHebrew language _xGrammar. |
|
| 650 | 4 |
_aLengua hebrea _xGramática |
|
| 700 | 1 |
_aCook, John A. _c(Professor), _eautor. |
|
| 700 | 1 |
_aMarshall, Phillip S., _eautor. |
|
| 830 | 0 | _aBaylor handbook on the Hebrew Bible series. | |
| 910 |
_adbm _bjpc _cjpc _d20171201 |
||
| 942 |
_2ddc _cBOOK |
||
| 949 |
_a223.8044 H71 _wDEWEY _c1 _i77336 _lCATALOGING _mBUL _p20.97 _r0 _sY _tBOOK _u2017-12-04 _xPOSGRADO _PP85 _0DONACION _o.STAFF. Colección Teología |
||
| 994 |
_aC0 _bPEPRU |
||
| 596 | _a1 | ||
| 999 |
_a223.8044 H71 _wDEWEY _c26463 _i77336 _d26463 _f2021-11-9 _g4 _lCCODEBUL1 _mBUL _p20.97 _q1 _r0 _sY _tBOOK _u2017-12-4 _xTEOLOGIA _PP85 _0DONACION _o.STAFF. Colección Teología |
||
| 980 |
_81 _gALBERTO SANCHEZ Responsable de Automatización |
||